Range management : principles and practices /

Guardado en:
Autor Principal: Holechek, Jerry.
Otros Autores: Pieper, Rex D., Herbel, Carlton H., 1927-
Formato: Libro
Idioma:English
Publicado: Englewood Cliffs, N.J. : Prentice Hall, c1989.
Etiquetas: Agregar Etiqueta
Sin Etiquetas, Sea el primero en etiquetar este registro!
LEADER 00775pam a2200229 a 4500
001 EEA.libagro010053
005 20160930083220.0
008 880802s1989####njuab####b####001#0#eng##
010 |a  88023171  
020 |a 0137527918 
040 |a DLC  |c DLC  |d DLC 
043 |a n-us--- 
050 0 0 |a SF85  |b .H56 1989 
082 0 0 |a 333.74 
100 1 |a Holechek, Jerry. 
245 1 0 |a Range management :  |b principles and practices /  |c Jerry L. Holechek, Rex D. Pieper, Carlton H. Herbel. 
260 |a Englewood Cliffs, N.J. :  |b Prentice Hall,  |c c1989. 
300 |a xvii, 501 p. :  |b il., mapas ;  |c 24 cm. 
504 |a Incluye referencias bibliográficas e índice. 
700 1 |a Pieper, Rex D. 
700 1 |a Herbel, Carlton H.,  |d 1927- 
859 |a AR-BbBCA  |b BIB. AGRONOMIA  |h 333.74  |i H729  |p C1993/0317